| 000 | 00399nam a22001457a 4500 | ||
|---|---|---|---|
| 005 | 20240309121952.0 | ||
| 008 | 240309b ||||| |||| 00| 0 eng d | ||
| 040 | _cAL | ||
| 041 | _aeng | ||
| 082 |
_223 _a658.8 _bMARK |
||
| 100 |
_aMajo Raju _9153620 |
||
| 245 | _aMarketing Strategies in Ajanta Transistor Clock MFG Co Morbi | ||
| 260 |
_aMangalore _bSt Aloysius College _c1996 |
||
| 942 |
_2ddc _cPRO |
||
| 999 |
_c230189 _d230189 |
||